Sports Quiz

Random Sports Quiz

MLB Most Strikeouts 1990s (1990-1999) Quiz Stats

 Plays Quiz not verified by Sporcle

Also try: NHL Goalie Goals
Challenge
Share
Tweet
Embed
Score 0/25 Timer 10:00
0 Plays Today
Strikeouts Hitters % Correct
1040Mark McGwire
92.2%
1205Jose Canseco
84.4%
1322Sammy Sosa
83.3%
901Ken Griffey Jr.
80.6%
994Matt Williams
76.7%
882Jim Thome
75.6%
1137Greg Vaughn
73.3%
1081Mo Vaughn
73.3%
1095Jay Bell
72.2%
930Juan Gonzalez
70.6%
906Jeff Bagwell
68.3%
1085Fred McGriff
67.8%
1172Cecil Fielder
64.4%
Strikeouts Hitters % Correct
1080Andres Galarraga
60%
1145Jay Buhner
56.1%
893Chili Davis
44.4%
886Ken Caminiti
41.7%
980Ron Gant
38.3%
1082Dean Palmer
34.4%
1042Devon White
30%
1113Travis Fryman
28.3%
924Mickey Tettleton
25%
1141Ray Lankford
23.9%
885Reggie Sanders
21.1%
1009Tony Phillips
8.9%

You're not logged in!

Compare scores with friends on all Sporcle quizzes.
OR
Log In

You Might Also Like...

Show Comments

Extras

Created Aug 29, 2010ReportNominate

Top Quizzes Today


Score Distribution

Your Account Isn't Verified!

In order to create a playlist on Sporcle, you need to verify the email address you used during registration. Go to your Sporcle Settings to finish the process.

Report this User

Report this user for behavior that violates our Community Guidelines.

Details: